| 000 | 00971nam a2200349 a 4500 | ||
|---|---|---|---|
| 001 | 20957 | ||
| 003 | VRT | ||
| 005 | 20260207114548.0 | ||
| 008 | 000531s1943 xo 000 d slo c | ||
| 035 | _aUKB000253341 | ||
| 040 |
_aBAA001 _bslo _cBAA001 _eAACR2 |
||
| 041 | 1 |
_aslo _hcze |
|
| 044 |
_axo _cSK |
||
| 080 | _a885.0-2 | ||
| 100 | 1 | _aMrštík, Alois | |
| 245 | 0 | 0 |
_aMariša _bdráma v 5 dejstvách _cAl. a V. Mrštík ; prel. A. Halaša |
| 250 | _a5. vyd | ||
| 260 |
_aMartin _bMatica slov. _c1943 |
||
| 300 | _a89 s | ||
| 490 | 1 |
_aDivadelná knižnica _vsv. 60 |
|
| 500 | _aÚstr. slov. ochot. div | ||
| 650 | 0 | 7 |
_aliteratúra česká _xhry divadelné |
| 650 | 0 | 7 | _ahry divadelné české |
| 653 | _a885.0-2 | ||
| 700 | 1 |
_aMrštík, Vilém _4aut |
|
| 700 | 1 |
_aHalaša, A. _4trl |
|
| 760 | 1 | _tDivadelná knižnica | |
| 830 | 0 |
_aDivadelná knižnica _vsv. 60 |
|
| 910 | _aukb | ||
| 942 |
_2ddc _cKLDO _n0 |
||
| 949 |
_61800071548 _aS.G.16739 _bNA.76-2000 |
||
| 999 |
_c20957 _d20957 |
||